| 000 | 00772nam a22002177a 4500 | ||
|---|---|---|---|
| 005 | 20240709123830.0 | ||
| 010 | _aENG-140845 | ||
| 020 |
_c1150.00 _a9789356062054 |
||
| 035 | _aEN-124377 | ||
| 037 | _bDBAD | ||
| 082 |
_a621.3815 _212 |
||
| 100 |
_aWidmer, Neal S. _968300 |
||
| 245 |
_aDigital System: _bPrinciples and Application/ _cBy Neal S. Widmer; Greg Moss [and] Ronald J. Tocci |
||
| 250 | _a12 | ||
| 260 |
_aNew Delhi _bPearson _c2021 |
||
| 270 |
_a15th floor,Tower-B,Word Trade Tower,Plot no.1,Block-C sec 16, _bNoida _e201301 _k04466540100 _mcompanysecretary.india@pearson.com |
||
| 300 |
_a1024p. _c25cm(pbk) |
||
| 700 |
_aMoss, Greg _eAuthor _968301 |
||
| 700 |
_aTocci, Ronald J. _eAuthor _968302 |
||
| 942 |
_2ddc _cEN _h621.3815 _mWID _e12 |
||
| 999 |
_c204059 _d204059 |
||